00784nam a22001937a 450000500170000001000150001702000260003203500130005803500130007103700130008408200160009710000190011324502350013225000110036726000610037827001080043930000240054750000190057120170417162129.0 aENG-109797 a9789350351819c650.00 aEN-93330 aB-667543 bDBAD/PUB a343.5409944 aKamath, Nandan00aLaw relating to computers internet and e-commerce :cby Nandan Kamath; foreworded by N. R. Madhava Menon ba guide to cyberlaws and the information technology act, rules, regulations and notifications along with latest case laws / a5th ed aNew DelhibUniversal Law Publishing c2012 reprint 2017 aC-FF-1A, Dilkhush Industrial Estate, (Near Azadpur Metro Station) G.T. Karnal Road bNew Delhie110033 aiv,847p.c24cm(pbk) aIncludes index